| 000 | 00492nam a22001937a 4500 | ||
|---|---|---|---|
| 003 | NUST - PNEC | ||
| 005 | 20170116180759.0 | ||
| 008 | 150410b xxu||||| |||| 00| 0 eng d | ||
| 020 | _a- | ||
| 040 | _cLIBRARY | ||
| 082 | _a297 1225.AHS | ||
| 100 |
_92365 _aAhsan Muhammad Manazir |
||
| 245 |
_aThe Quran Basic Teachings _cMohammad Manazir Ahsan |
||
| 250 | _a1st ed | ||
| 260 |
_aPakistan _bDawah Academy _cc199. |
||
| 300 | _a396p. : | ||
| 650 |
_92366 _aIslam _xMis |
||
| 942 |
_2ddc _cBK |
||
| 999 |
_c62881 _d62881 |
||